| 000 | 01244cam a2200217 4500 | ||
|---|---|---|---|
| 008 | 050207n2004 000 0 eng u | ||
| 035 | _a(Sirsi) u128712 | ||
| 041 | _aeng | ||
| 050 |
_a306.76 _c18 |
||
| 110 |
_aUnited Kingdom _bOffice of the Deputy Prime Minister |
||
| 245 |
_aPlanning for gypsy and traveller sites _ba consultation paper |
||
| 260 |
_aLondon _bODPM _c2004 |
||
| 520 | _aConsults on the revision of guidance contained within DoE Circular 1/94 "Gypsy sites and planning". Proposed changes to the Circular include a new definition of gypsy, a requirement that local authorities identify suitable sites for gypsies and travellers in their development plan documents and an explanation of how local housing assessments will assist local authorities to quantify the level of need. Responses should be submitted by 18 March 2005 and a summary of responses will be available by 20 June 2005. View the consultation paper on www.odpm.gov. | ||
| 650 | _aGYPSIES | ||
| 650 | _aGYPSY SITES | ||
| 650 | _aTRAVELLERS | ||
| 650 | _aPLANNING PERMISSION | ||
| 690 |
_aPlanning and development _96259 |
||
| 856 |
_uhttps://www.communities.gov.uk/index.asp?id=1164663 _zView the consultation paper on the DCLG website... |
||
| 942 | _n0 | ||
| 999 |
_c103991 _d103991 |
||